How to Expand and Upgrade PCs /

Obra en que se explica de manera detallada como expandir, actualizar y dar mantenimiento a una computadora. Incluye temas que van desde el cambio o instalación de nuevos dispositivos o periféricos, hasta la interconexión en una red.

Guardado en:
Bibliografiske detaljer
Hovedforfatter: Gralla, Preston (autor)
Format: Bog
Sprog:engelsk
Udgivet: Indianápolis, EUA : Que Corporation, 2003, c2003
Udgivelse:3a edición
Fag:
Tags: Tilføj Tag
Ingen Tags, Vær først til at tagge denne postø!

MARC

LEADER 00000nam^a2200000^a^4500
001 000153072
005 20250521000000.0
009 20260310100305.724
020 |a 0-7897-2769-2 
037 |a Acervo ITESO - Biblioteca 
041 |a ING 
082 |a 621. 392  |b GRA 
100 |a Gralla, Preston  |e (autor) 
245 1 0 |a How to Expand and Upgrade PCs /  |c P. Gralla. 
250 |a 3a edición 
264 4 |a Indianápolis, EUA :  |b Que Corporation,  |c 2003, c2003 
300 |a 250 p. 
336 |a texto  |b txt  |2 rdacontenido 
337 |a sin mediación  |b n  |2 rdamedio 
338 |a volumen  |b nc  |2 rdasoporte 
520 |a Obra en que se explica de manera detallada como expandir, actualizar y dar mantenimiento a una computadora. Incluye temas que van desde el cambio o instalación de nuevos dispositivos o periféricos, hasta la interconexión en una red. 
649 |a XX 
650 |a Electrónica -  |x Equipo y Aparatos 
650 |a Componentes (Hardware) 
650 |a Arquitectura de Computadoras 
650 |a Computadoras -  |x Mantenimiento y Reparación 
650 |a Redes de Computadoras -  |x Diseño y Construcción 
650 |a Redes de Computadoras -  |x Mantenimiento y Reparación 
650 |a Comunicación en Red 
650 |a Telecomunicaciones 
650 |a Sistemas Computacionales 
650 |a Ingeniería Computacional 
910 |a Fondo General 
920 |a Impresos - Libros 
930 |a Colección General 
905 |a 101 
901 |a 0500081676  |b IT1  |c ACC  |u 20250521 
902 |a https://opac.biblio.iteso.mx/vufind/Record/000153072